| 000 | 00733nam a22002297a 4500 | ||
|---|---|---|---|
| 999 |
_c14679 _d14679 |
||
| 003 | AR-CdUCM | ||
| 008 | 190424b ||||| |||| 00| 0 spa d | ||
| 020 | _a978-84-675-2646-2 | ||
| 040 |
_aMUNICIPALIDAD PROVINCIAL DEL CUSCO _cBIBLIOTECA MUNICIPAL DEL CUSCO |
||
| 082 |
_aPI / 803 / _bM52 |
||
| 100 |
_aMignon, Philippe _933540 |
||
| 245 | _aKali el elefante blanco / | ||
| 260 |
_aMadrid : _bSM, _c2008. |
||
| 300 |
_a27 páginas ; _c22 cm. _bIlustrado, _eMas CD |
||
| 440 |
_aUn cuento popular de la India _933541 |
||
| 650 |
_aCuento _94671 |
||
| 650 |
_aEntretenimiento _915681 |
||
| 650 |
_aInfancia _95236 |
||
| 700 |
_aCastillo, María (Coordinación editorial) _933542 |
||
| 942 |
_2ddc _cLIBROS |
||
| 945 |
_arah _d24/04/2019 |
||